Armadillo at Riverside Road / (Record no. 3781)

MARC details
000 -LEADER
fixed length control field 00923cam a2200289 a 4500
005 - DATE AND TIME OF LATEST TRANSACTION
control field 20260317100512.0
020 ## - INTERNATIONAL STANDARD BOOK NUMBER
International Standard Book Number 9781568993294
040 ## - CATALOGING SOURCE
Original cataloging agency DLC
Transcribing agency DLC
Modifying agency DLC
Language of cataloging eng
050 00 - LIBRARY OF CONGRESS CALL NUMBER
Classification number PZ10.3.G153
082 00 - DEWEY DECIMAL CLASSIFICATION NUMBER
Classification number 360
100 1# - MAIN ENTRY--PERSONAL NAME
Personal name Galvin, Laura Gates
Dates associated with a name 1963-
245 10 - TITLE STATEMENT
Title Armadillo at Riverside Road /
Statement of responsibility, etc. Laura Gates Galvin ; illustrated by Katy Bratun
250 ## - EDITION STATEMENT
Edition statement First edition 1996
260 ## - PUBLICATION, DISTRIBUTION, ETC.
Place of publication, distribution, etc. Norwalk :
Name of publisher, distributor, etc. Soundprints,
Date of publication, distribution, etc. 1996
300 ## - PHYSICAL DESCRIPTION
Extent 31 pages :
Other physical details color illustrations ;
Dimensions 12 cm .
490 ## - SERIES STATEMENT
Series statement Smithsonian's Backyard
505 ## - FORMATTED CONTENTS NOTE
Formatted contents note G <br/>
520 ## - SUMMARY, ETC.
Summary, etc. Follows an armadillo on her nocturnal travels in search of food.
521 ## - TARGET AUDIENCE NOTE
Target audience note 320 <br/>
Source Lexile estimate <br/>
521 ## - TARGET AUDIENCE NOTE
Target audience note G <br/>
Source Raz-Plus <br/>
650 #0 - SUBJECT ADDED ENTRY--TOPICAL TERM
Topical term or geographic name entry element Armadillos
General subdivision Juvenile fiction.
650 #1 - SUBJECT ADDED ENTRY--TOPICAL TERM
Topical term or geographic name entry element Armadillos
General subdivision Fiction.
700 1# - ADDED ENTRY--PERSONAL NAME
Personal name Bratun, Katy
Relator term illustrator
906 ## - LOCAL DATA ELEMENT F, LDF (RLIN)
a 7
b cbc
c orignew
d 1
e ocip
f 19
g y-gencatlg
942 ## - ADDED ENTRY ELEMENTS (KOHA)
Source of classification or shelving scheme Dewey Decimal Classification
Koha item type Books
Suppress in OPAC No
999 ## -
-- 3781
-- 3781
Holdings
Withdrawn status Lost status Source of classification or shelving scheme Damaged status Not for loan Collection Home library Current library Shelving location Date acquired Total Checkouts Full call number Barcode Date last seen Date last checked out Copy number Price effective from Koha item type
    Dewey Decimal Classification     Juvenile Fiction Footprints International School Library Network Toul Tom Poung Campus Footprints International School Library Network Toul Tom Poung Campus TTP Primary Green Bookshelves 05/07/2024 1 GAL 360 PZ10.G153 FISTK00973 04/30/2026 04/01/2026 1 05/07/2024 Books
    Dewey Decimal Classification     Juvenile Fiction Footprints International School Library Network Toul Tom Poung Campus Footprints International School Library Network Toul Tom Poung Campus TTP Primary Green Bookshelves 03/17/2026   GAL 360 PZ10.G153 FIS03239 03/17/2026   2 03/17/2026 Books